| 000 | 00342nam a2200121Ia 4500 | ||
|---|---|---|---|
| 008 | 220204s9999 xx 000 0 und d | ||
| 082 |
_a339.732.44(5) _bSAR |
||
| 245 | 0 | _aForeign investment and economic development in Asia | |
| 260 |
_aBombay _bOrient Longman _c1976 |
||
| 650 | _aForeign investment | ||
| 700 | _aSARKAR, Nihar K | ||
| 942 | _cBK | ||
| 999 |
_c27690 _d27690 |
||